Nenne die Nuss, den Samen oder die Bohne - Statistiken

Allgemein
  • Dieses Quiz wurde 4.753 mal gespielt
  • Das Durchschnittsergebnis liegt bei 13 aus 16
Antwortstatistiken
Bildquiz Antwort % Korrekt
Erdnuss
99%
Walnuss
98%
Kokosnuss
97%
Pistazie
96%
Kastanie
93%
Mandel
92%
Haselnuss
91%
Cashew
85%
Sonnenblumenkern
84%
Eichel
82%
Kichererbse
71%
Kidneybohne
70%
Kürbiskern
62%
Sojabohne
55%
Pekannuss
44%
Paranuss
37%
Keine übereinstimmenden Quizze gefunden
Verteilung der Resultate
Anzahl Personen mit jedem Resultat
Perzentil nach korrekt beantworteten Fragen
Ihre Resultats-Entwicklung
Sie haben dieses Quiz noch nicht gespielt